Fenerbahçe Rekordtorschützen - Statistiken

Allgemein
  • Dieses Quiz wurde 163 mal gespielt
  • Das Durchschnittsergebnis liegt bei 3 aus 10
Antwortstatistiken
Hint Antwort % Korrekt
171 Tore Alex De Souza
96%
160 Tore Aykut Kocaman
53%
75 Tore Moussa Sow
53%
87 Tore Semih Şentürk
40%
74 Tore Tuncay Şanlı
33%
50 Tore Fernandão
19%
54 Tore Tanju Çolak
10%
57 Tore Oğuz Çetin
9%
55 Tore Mert Nobre
6%
76 Tore Elvir Bolić
4%
Keine übereinstimmenden Quizze gefunden
Verteilung der Resultate
Anzahl Personen mit jedem Resultat
Perzentil nach korrekt beantworteten Fragen
Ihre Resultats-Entwicklung
Sie haben dieses Quiz noch nicht gespielt